000 00485nam a2200193Ia 4500
005 20250425161443.0
008 250425s9999 xx 000 0 und d
020 _a0471079413
041 _aeng
082 _a621.38043
100 _aBLANCHARD, ALAIN
245 0 _aPHASE-LOCKED LOOPS: APPLICATION TO COHERENT RECEIVER DESIGN
250 _aS.E.
260 _aEstados Unidos
_bJOHN WILEY & SONS
_c1976
260 _aNEW YORK
300 _a389
942 _c01
010 _a20693
999 _c209588
_d209588